=LDR 00000nam 2200000 4500 =001 INLIS000000000057800 =005 20210525033138 =035 ##$$a 0010-0521000015 =007 ta =008 210525################g##########0#ind## =082 ##$$a 339.21 =084 ##$$a 339.21 PEN =245 ##$$a Pengkajian hukum tentang tanggung jawab sosial perusahaan =250 ##$$a cet.1 =260 ##$$a Jakarta :$b Departemen Hukum dan Ham RI,$c 2009 =300 ##$$a x, 49 hlm ; $c 22 x 14 cm =700 #$$a Editor; Theodrik Simorangkir, SH.,MH =600 #4$$a Perusahaan- tanggug jawab sosial =990 ##$$a 31011422